000 00630nam a22002057a 4500
005 20170907105951.0
010 _aENG-119541
020 _a8184083246
_c250.00
020 _a9788184083248
_c250.00
035 _aEN-103073
037 _bDBAD/PUB
082 _a250
100 _aCraig ,Thomas D.
245 _aA cup of Buddha :
_cby Thomas D. Craig
_ba blueprint to truth /
260 _aNew Delhi
_bIndiana Publishing House
_c2012
270 _a2/13,Ansari Road,Daryasganj
_bNew Delhi
_e110002
300 _a248p.
_c23cm(pbk)
500 _aIncludes bibliographical reference
942 _2ddc
_cEN
_h250
_mCRA
999 _c144134
_d144134